000 00641nam a22001937a 4500
005 20140701125917.0
008 120905s2013 ck il gr a000 0dspa d
020 _a9783845484082
041 0 _aspa
044 _ack
082 0 4 _a333.73
_bI193z
245 1 0 _aZonificación y codificación de unidades hidrográfica e hidrogeológicas de Colombia
260 _aBogotá
_bIDEAM
_c2013
300 _a46 p.
_bmapas, tablas
_c28 cm.
650 4 _aCuencas hidrográficas
_zColombia
_924472
650 4 _aManejo de cuencas hidrográficas
_zColombia
_924473
650 4 _aPlanificación de recursos hídricos
_zColombia
_924474
942 _2ddc
_cImpreso
999 _c8484
_d8484